2026 Grammy winners - Statistics

General Stats
  • This quiz has been taken 141 times
  • The average score is 2 of 9
Answer Stats
Hint Answer % Correct
ALBUM OF THE YEAR Bad Bunny
87%
BEST NEW ARTIST Olivia Dean
72%
BEST POP VOCAL ALBUM Lady Gaga
35%
BEST POP SOLO PERFORMANCE Lola Young
26%
SONGWRITER OF THE YEAR, Amy Allen
5%
PRODUCER OF THE YEAR, NON-CLASSICAL Cirkut
3%
BEST POP DUO/GROUP PREFORMANCE Cynthia Erivo & Ariana Grande
3%
SONG OF THE YEAR Billie Eilish & Finneas O'Connell
2%
RECORD OF THE YEAR Kendrick Lamar with SZA
2%
No matching quizzes found
Score Distribution
Percent of People with Each Score
Percentile by Number Answered
Your Score History
You have not taken this quiz